Hot & spicy cookbook
| Main Author: | |
|---|---|
| Format: | Book |
| Published: |
Sydney :
Murdock Books ,
1991
|
| Subjects: |
MARC
| LEADER | 00000cam a2200000 7i4500 | ||
|---|---|---|---|
| 001 | 0000005356 | ||
| 002 | 000005787 | ||
| 005 | 20000330.0 | ||
| 020 | |a 0864111673 | ||
| 090 | 0 | 0 | |a 641.6383 |b SOL |
| 100 | 1 | |a Solomon, Charmaine | |
| 245 | 1 | 0 | |a Hot & spicy cookbook |c by Solomon Charmaine |
| 260 | |a Sydney : |b Murdock Books , |c 1991 | ||
| 300 | |a 110p. ; |c 28cm. | ||
| 650 | 0 | 0 | |a Spices |
| 999 | |a 032831 |b BUKU |c PINJAMAN |e PERPUSTAKAAN KOMUNITI PETALING JAYA | ||
| 999 | |a 032832 |b BUKU |c PINJAMAN |e PERPUSTAKAAN KOMUNITI PETALING JAYA | ||